000
00404nam a2200133Ia 4500
008
100328s9999 xx 000 0 und d
082
_b
6838
100
_a
वरेरकर भार्गवराम विठ्ठल
245
_a
चला लढाईवर
260
_b
नवभारत
630
_a
चला लढाईवर
730
_a
चला लढाईवर
942
_c
BOOK
999
_c
502702
_d
502699